[Event "ch-CRO"]
[Site "Vukovar CRO"]
[Date "2005.11.10"]
[Round "4"]
[White "Kozul,Z"]
[Black "Dizdar,G"]
[Result "1-0"]
[WhiteElo "2576"]
[BlackElo "2542"]

1.d4 d5 2.c4 e6 3.Nf3 Nf6 4.g3 Be7 5.Bg2 O-O 6.O-O c6 7.Qc2 b6 8.Nbd2 a5
9.b3 Na6 10.Bb2 Nb4 11.Qb1 Bb7 12.e4 Ra7 13.a3 Na6 14.Re1 h6 15.e5 Nd7 16.cxd5 cxd5
17.h4 Nc7 18.Bh3 Nb8 19.Nf1 Nc6 20.N1h2 f5 21.exf6 Rxf6 22.Qd1 Qf8 23.Re3 Bd6
24.Qe1 Bc8 25.Ne5 Bxe5 26.dxe5 Rf7 27.Rc1 Qe8 28.Nf3 Nb5 29.Bf1 Ba6 30.a4 Nc7
31.Bh3 d4 32.Nxd4 Nxd4 33.Bxd4 Nd5 34.Re4 Bd3 35.h5 Bxe4 36.Qxe4 Rac7 37.Rc4 Rfd7
38.Qg4 Re7 39.Rxc7 Rxc7 40.Qxe6+ Qxe6 41.Bxe6+ Kf8 42.Kg2 Rc2 43.Kf3 Nb4
44.Bxb6 Nd3 45.Bd4 Ra2 46.Bc4 Nc1 47.Bc5+ Ke8 48.e6  1-0

[Event "WJun"]
[Site "Instanbul TUR"]
[Date "2005.11.11"]
[Round "3"]
[White "Berkes,F"]
[Black "Magalashvili,D"]
[Result "1/2-1/2"]
[WhiteElo "2596"]
[BlackElo "2448"]

1.d4 d5 2.c4 e6 3.g3 Nf6 4.Bg2 Be7 5.Nf3 O-O 6.O-O dxc4 7.Ne5 Nc6 8.Nxc6 bxc6
9.e3 Nd5 10.Qa4 Nb6 11.Qc2 Rb8 12.Rd1 Qe8 13.Nd2 Ba6 14.b3 c5 15.Bb2 cxd4
16.Bxd4 f6 17.Bxb6 cxb6 18.Nxc4 Qc8 19.Rac1 Bxc4 20.Qxc4 Ba3 21.Bh3 f5 22.Rc2 Qxc4
23.Rxc4 a5 24.Rc6 Rf6 25.Bf1 Bc5 26.Bc4 Re8 27.Rd7 Kf8 28.h4 Rf7 29.Rd1 Rfe7
30.Kg2 g6 31.h5 Kg7 32.hxg6 hxg6 33.g4 fxg4 34.Be2 Rf8 35.Bxg4 e5 36.Be6 Rf6
37.Bd5 Rxc6 38.Bxc6 Rc7 39.Be4 Rf7 40.a4 Kf6 41.Kf3 Rf8 42.Ke2 Rf7 43.Rg1 Rg7
44.Rh1 Rg8 45.Rh7 Rg7 46.Rh8 Rd7 47.Rh6 Rg7 48.Kd3 Kg5 49.Rh2 Rd7+ 50.Kc4 Rd6
51.Rg2+ Kh6 52.Kb5 Rf6 53.Kc4 Rd6 54.Bd3 Bb4 55.Be4 Bc5 56.Kb5 Bb4 57.Ka6 Rf6
58.Kb7 Be1 59.f3 Bb4 60.f4  1/2-1/2

[Event "ch-CRO"]
[Site "Vukovar CRO"]
[Date "2005.11.12"]
[Round "6"]
[White "Sulava,N"]
[Black "Palac,M"]
[Result "1/2-1/2"]
[WhiteElo "2493"]
[BlackElo "2571"]

1.d4 Nf6 2.c4 e6 3.Nf3 d5 4.g3 Be7 5.Bg2 O-O 6.O-O dxc4 7.Qc2 a6 8.a4 Bd7
9.Qxc4 Bc6 10.Bg5 Bd5 11.Qc2 Be4 12.Qc1 h6 13.Bf4 Nd5 14.Nc3 Bxf3 15.Bxf3 Nxf4
16.Qxf4 c6 17.Rfd1 a5 18.Kg2 Na6 19.Qd2 Nb4 20.e3 Qb6 21.Rac1 Rad8 22.Qe2 Rd7
23.Qc4  1/2-1/2

[Event "WJun Girls"]
[Site "Instanbul TUR"]
[Date "2005.11.13"]
[Round "5"]
[White "Sharevich,A"]
[Black "Paehtz,E"]
[Result "0-1"]
[WhiteElo "2305"]
[BlackElo "2408"]

1.d4 e6 2.c4 Nf6 3.g3 d5 4.Bg2 Be7 5.Nf3 O-O 6.O-O dxc4 7.Qc2 a6 8.a4 Bd7
9.Qxc4 Bc6 10.Bg5 Nbd7 11.Nc3 h6 12.Bxf6 Nxf6 13.Qd3 Bxf3 14.Bxf3 c6 15.Rfd1 Qa5
16.e4 e5 17.Ne2 Rad8 18.Qc3 Bb4 19.Qb3 exd4 20.Nxd4 Bc5 21.Ne2 Nd7 22.Nc3 Ne5
23.Be2 Bb6 24.Qa3 Ba7 25.Rf1 Rd2 26.Rad1 Rxd1 27.Nxd1 Qd2 28.Nc3 Qd4 29.Kg2 b5
30.axb5 axb5 31.b4 Bb6 32.f4 Nc4 33.Bxc4 Qxc4 34.Rf3 Rd8 35.Qa6 Bd4 36.Qa3 Bxc3
37.Qxc3 Qxe4 38.Kh3 Qf5+ 39.g4 Qd5 40.Kg3 Rd6 41.Qc2 Qd4 42.Qf5 g6 43.Qc5 Rd5
44.Rc3  0-1

[Event "Bundesliga 2005-6"]
[Site "Leipzig GER"]
[Date "2005.11.13"]
[Round "4"]
[White "Heinig,Wo"]
[Black "Senff,M"]
[Result "1/2-1/2"]
[WhiteElo "2338"]
[BlackElo "2469"]

1.d4 d5 2.c4 e6 3.Nf3 Nf6 4.g3 Be7 5.Bg2 O-O 6.O-O dxc4 7.Qc2 a6 8.a4 Bd7
9.Ne5 Bc6 10.Nxc6 Nxc6 11.e3 Na5 12.Nd2 c5 13.dxc5 Rc8 14.b4 cxb3 15.Nxb3 Nxb3
16.Qxb3 Nd7 17.Ba3 Nxc5 18.Bxc5 Bxc5 19.Qxb7 a5 20.Rfd1 Qf6 21.Rac1 Rb8 22.Qf3 Qe7
23.Bf1 Rfd8 24.Rxd8+ Rxd8 25.Rd1 g6 26.Rxd8+ Qxd8 27.Bb5 Kg7 28.h4 h5 29.Kg2  1/2-1/2

[Event "FSIMB November"]
[Site "Budapest HUN"]
[Date "2005.11.15"]
[Round "11"]
[White "Ignacz,M"]
[Black "Murzin,L"]
[Result "1/2-1/2"]
[WhiteElo "2286"]
[BlackElo "2206"]

1.d4 Nf6 2.c4 e6 3.g3 d5 4.Bg2 Be7 5.Nf3 O-O 6.O-O dxc4 7.Qc2 a6 8.Qxc4 b5
9.Qc2 Bb7 10.Bg5 Nbd7 11.Bxf6 Nxf6 12.Nbd2 Rc8 13.Nb3 c5 14.dxc5 Be4 15.Qc1 Qc7
16.Rd1 Bd5 17.Nfd4 Bxg2 18.Kxg2 Bxc5 19.Nxc5 Qxc5 20.Qxc5 Rxc5 21.Rac1 Rd5
22.Nc6 Rxd1 23.Rxd1 Ra8 24.Kf3 Kf8 25.Rd6 Ke8 26.Ne5 Ra7 27.Rc6 Kd8 28.Rc3 Rb7
29.Ra3 Nd7 30.Nxf7+ Ke7 31.Ng5 h6 32.Ne4 Rb6 33.Rc3 Ne5+ 34.Kf4 Nc6 35.a3 b4
36.Rd3 bxa3 37.bxa3 g5+  1/2-1/2

[Event "TCh-AUT 2005-6"]
[Site "Austria AUT"]
[Date "2005.11.19"]
[Round "2"]
[White "Buhmann,R"]
[Black "Baramidze,D"]
[Result "0-1"]
[WhiteElo "2546"]
[BlackElo "2542"]

1.Nf3 d5 2.d4 Nf6 3.c4 e6 4.g3 Be7 5.Bg2 O-O 6.O-O dxc4 7.Qc2 a6 8.Qxc4 b5
9.Qc2 Bb7 10.Bf4 Nc6 11.Rd1 Nb4 12.Qc1 Rc8 13.Nc3 Qe8 14.a3 Nbd5 15.b4 Nxc3
16.Qxc3 Nd5 17.Qb2 Nxf4 18.gxf4 Bd6 19.Ne1 Bxg2 20.Nxg2 f5 21.Rd3 Rf6 22.Qb3 Kh8
23.Re3 Qg6 24.Kf1 h6 25.Rc1 Ra8 26.Qc3 Qh5 27.Rh3 Qe8 28.Re3 Qd7 29.h4 Kh7
30.Rg3 Ra7 31.e3 Qe8 32.Ne1 a5 33.Nd3 axb4 34.axb4 Qh5 35.Ra1 Rxa1+ 36.Qxa1 Qxh4
37.Kg2 Rg6 38.Qa2 Qh5 39.Qc2 Rg4 40.Rxg4 Qxg4+ 41.Kf1 h5 42.Qb3 h4 43.f3 Qxf3+
44.Nf2 h3 45.Qxe6 h2  0-1

[Event "IV I Subasic Mem"]
[Site "Zenica BIH"]
[Date "2005.11.20"]
[Round "3"]
[White "Polovnikova,E"]
[Black "Saric,Ib"]
[Result "0-1"]
[WhiteElo "2414"]
[BlackElo "2441"]

1.d4 Nf6 2.c4 e6 3.g3 d5 4.Bg2 Be7 5.Nf3 O-O 6.O-O c6 7.Qc2 Nbd7 8.Nbd2 b6
9.e4 Ba6 10.Re1 Rc8 11.e5 Ne8 12.Bf1 Nc7 13.cxd5 cxd5 14.Qa4 Nb8 15.Nb1 Bxf1
16.Rxf1 b5 17.Qd1 Nc6 18.Nc3 b4 19.Na4 Nb5 20.Qd3 Qa5 21.b3 Nc3 22.Nxc3 bxc3
23.Ne1 f6 24.exf6 Bxf6 25.Nc2 e5 26.Ba3 e4 27.Qd1 Nxd4 28.Bxf8 Nf3+ 29.Kg2 Rxf8
30.Qe2 Nd2 31.Rfd1 d4 32.Nxd4 Bxd4 33.Rxd2 Rxf2+ 34.Qxf2 Bxf2 35.Rxf2 e3
36.Rff1 Qd5+ 37.Kg1 h5 38.Rac1 Qd2 39.h4 g5 40.hxg5 Kg7 41.b4 Kg6  0-1

[Event "18th Belgrade Trophy"]
[Site "Obrenovac SCG"]
[Date "2005.11.22"]
[Round "1"]
[White "Hrzic,I"]
[Black "Dimitrijevic,R"]
[Result "1-0"]
[WhiteElo "2286"]
[BlackElo "1935"]

1.Nf3 Nf6 2.c4 e6 3.g3 d5 4.d4 Be7 5.Bg2 O-O 6.O-O Nbd7 7.Nc3 dxc4 8.e4 c5
9.e5 Nd5 10.Ne4 Qc7 11.Be3 cxd4 12.Bxd4 b6 13.Rc1 Ba6 14.Qe2 Nc5 15.Bxc5 Bxc5
16.Neg5 h6 17.Qe4 hxg5 18.Nxg5 f5 19.exf6 Nxf6 20.Qxe6+ Kh8 21.Qh3+ Kg8 22.Bd5+  1-0

[Event "18th Belgrade Trophy"]
[Site "Obrenovac SCG"]
[Date "2005.11.24"]
[Round "3"]
[White "Hrzic,I"]
[Black "Milutinovic,De"]
[Result "1/2-1/2"]
[WhiteElo "2286"]
[BlackElo "2101"]

1.Nf3 Nf6 2.c4 e6 3.g3 d5 4.d4 Be7 5.Bg2 O-O 6.O-O b6 7.Qc2 Bb7 8.cxd5 exd5
9.Bf4 Bd6 10.Ne5 Qe7 11.Nd3 Bxf4 12.Nxf4 c6 13.Nc3 Nbd7 14.Rab1 Rfe8 15.b4 b5
16.a4 a6 17.a5 Qd6 18.Nd3 Re7 19.e3 Rd8 20.Rfd1 Bc8 21.Ne2 Ne8 22.Rbc1 Nb8
23.Qc5 Qf6 24.Ne5 Rc7 25.h4 Qd6 26.Qxd6 Rxd6 27.Nf4 f6 28.Ned3  1/2-1/2

[Event "IV I Subasic Mem"]
[Site "Zenica BIH"]
[Date "2005.11.24"]
[Round "7"]
[White "Dizdarevic,E"]
[Black "Saric,Ib"]
[Result "1/2-1/2"]
[WhiteElo "2509"]
[BlackElo "2441"]

1.d4 Nf6 2.c4 e6 3.Nf3 d5 4.g3 Be7 5.Bg2 O-O 6.O-O dxc4 7.Qc2 a6 8.Qxc4 b5
9.Qc2 Bb7 10.Bf4 Bd6 11.Nbd2 Nbd7 12.Rfc1 Rc8 13.Nb3 Be4 14.Qd2 Nd5 15.Ne5 Nxe5
16.Bxe5 Bb4 17.Qd1 Bxg2 18.Kxg2 f6 19.Bf4 Nxf4+ 20.gxf4 Qd5+ 21.f3 Bd6 22.e3 Kh8
23.Nc5 e5 24.Qb3 Qxb3 25.axb3 Bxc5 26.Rxc5 exd4 27.exd4 Rfd8 28.Rxa6 Rxd4
29.Rxc7 Rcd8 30.Kg3 Rd3 31.Rc3 h6 32.Ra8 Rxa8 33.Rxd3 Ra2 34.Rd5 Rxb2 35.Rxb5 f5
36.h4 g6 37.h5 gxh5 38.Rxf5 Rxb3 39.Rxh5 Kg7 40.Ra5 Rb6 41.Kg4 Kf6 42.Rf5+ Kg7
43.Re5 Kf6 44.Rd5 Ra6  1/2-1/2

[Event "18th Belgrade Trophy"]
[Site "Obrenovac SCG"]
[Date "2005.11.29"]
[Round "8"]
[White "Lajthajm,B"]
[Black "Dumpor,A"]
[Result "1/2-1/2"]
[WhiteElo "2464"]
[BlackElo "2309"]

1.Nf3 d5 2.d4 Nf6 3.c4 e6 4.g3 Be7 5.Bg2 O-O 6.b3 b6 7.O-O Bb7 8.Ne5 c5 9.Bb2 Nc6
10.e3 cxd4 11.Nxc6 Bxc6 12.Qxd4 Rc8 13.Na3 dxc4 14.Nxc4 Bxg2 15.Kxg2 Qxd4
16.Bxd4 Rfd8 17.a4 Nd5 18.Rfd1 f6 19.e4 Nb4 20.Rac1 e5 21.Be3 Nd3 22.Rb1 Kf7
23.Kf3 Ke6 24.Ke2 Nc5 25.Rxd8 Rxd8 26.Bxc5 Bxc5 27.f3 g6 28.Rd1 Bd4 29.Ne3 Rc8
30.Nd5 Rc2+ 31.Rd2 Rc1 32.Rd1 Rc2+ 33.Rd2 Rc1 34.Kd3 Rf1 35.f4 Rb1 36.Nc7+ Ke7
37.Nb5 Rxb3+ 38.Kc4 Re3 39.Kd5 a6 40.Nxd4 exd4 41.Rxd4 Kd7 42.Rb4 Rd3+ 43.Kc4 Rd6
44.e5 fxe5 45.fxe5 Rc6+ 46.Kd5 Rc5+ 47.Ke4 b5 48.Rd4+ Ke7 49.a5 b4 50.Rxb4 Rxa5
51.Rb7+ Ke6 52.Rb6+ Kd7 53.Kf4 Ra2 54.h4 Rf2+ 55.Ke3 Ra2 56.Kf3 Ra4 57.Rd6+ Ke7
58.Rb6 Kf7 59.Rc6  1/2-1/2

[Event "ch-ROM"]
[Site "Baile Tusnad ROM"]
[Date "2005.12.01"]
[Round "6"]
[White "Ionescu,M"]
[Black "Danilov,I"]
[Result "1/2-1/2"]
[WhiteElo "2389"]
[BlackElo "2356"]

1.d4 d5 2.c4 e6 3.Nf3 Nf6 4.g3 Be7 5.Bg2 dxc4 6.O-O O-O 7.Qc2 a6 8.Qxc4 b5
9.Qc2 Bb7 10.Bf4 Nc6 11.Rd1 Nb4 12.Qc1 Qc8 13.Nbd2 c5 14.dxc5 Bxc5 15.Nb3 Be7
16.a3 Nbd5 17.Na5 Nxf4 18.Qxf4 Bd5 19.Rac1 Qb8 20.Qxb8 Raxb8 21.Nc6 Bxc6
22.Rxc6 b4 23.a4 Rfd8 24.Rdc1 b3 25.e3 a5 26.Nd4 e5 27.Nf3 Nd7 28.Bh3 e4
29.Nd4 Ne5 30.Rc8 Rbxc8 31.Rxc8 Rxc8 32.Bxc8 Nf3+ 33.Nxf3 exf3 34.Bg4 Bf6
35.Bxf3 Bxb2 36.Bd5 Kf8 37.Bxb3 Ke7 38.f4 h6 39.Kf2 Ba3 40.Kf3 Bc5 41.h4 Bb6
42.Ke4 Bc5 43.g4 f6 44.Ba2  1/2-1/2

[Event "TCh-CZE Extraliga 2005-6"]
[Site "Czech Rep CZE"]
[Date "2005.12.04"]
[Round "6"]
[White "Jirka,J"]
[Black "Murdzia,P"]
[Result "1/2-1/2"]
[WhiteElo "2387"]
[BlackElo "2448"]

1.d4 Nf6 2.c4 e6 3.g3 d5 4.Bg2 Be7 5.Nf3 O-O 6.O-O c6 7.Qc2 b6 8.Rd1 Nbd7
9.b3 Ba6 10.Bb2 Rc8 11.Nc3 b5 12.c5 b4 13.Nb1 Bb5 14.a3 a5 15.Re1 Ne4 16.Nbd2 f5
17.Nxe4 fxe4 18.Ne5 Nxe5 19.dxe5 Bg5 20.Bd4 Qe7 21.f3 exf3 22.exf3 Bh6 23.axb4 axb4
24.Rad1 Ra8 25.Bf2 Ra3 26.h4 Rfa8 27.Rb1 g6 28.f4 Bf8 29.Bd4 Ra2 30.Rb2 Rxb2
31.Qxb2 Qa7 32.Bh3 Bxc5 33.Bxe6+ Kf8 34.Rd1 Bxd4+ 35.Qxd4 Ke7 36.Bg4 Qxd4+
37.Rxd4 Ra1+ 38.Kf2 Ra2+ 39.Ke3 Rg2 40.Bf3 Rxg3 41.Rxb4 Rh3 42.Kf2 Rxh4 43.Bxd5 g5
44.Bg8 Rxf4+ 45.Rxf4 gxf4 46.Kf3 Bd3 47.b4 h6 48.Kxf4 Bg6 49.Bc4 Bh7 50.Be2 Bg6
51.Bf3 Kd7 52.Bg4+ Kc7 53.Be6 Kd8 54.Ke3 Ke7 55.Bh3 Bf7 56.Kd4 Be6 57.Bg2 Bd7
58.Bf3 Be8 59.Kc5 h5 60.Bxh5 Bxh5  1/2-1/2

[Event "TCh-CZE Extraliga 2005-6"]
[Site "Czech Rep CZE"]
[Date "2005.12.04"]
[Round "6"]
[White "Spacek,P"]
[Black "Vymazal,B"]
[Result "1-0"]
[WhiteElo "2399"]
[BlackElo "2206"]

1.Nf3 Nf6 2.c4 e6 3.g3 d5 4.d4 Be7 5.Bg2 O-O 6.O-O dxc4 7.Qc2 a6 8.a4 Nbd7
9.Nbd2 Nb6 10.e4 a5 11.Rd1 Bd7 12.Ne5 Qe8 13.Nxd7 Nfxd7 14.Nxc4 Nxc4 15.Qxc4 c6
16.Bd2 Qd8 17.Bc3 Rc8 18.Qe2 Nf6 19.Rd3 Qb6 20.g4 Rfe8 21.g5 Nd7 22.Qd2 Ra8
23.h4 Red8 24.h5 Bb4 25.h6 c5 26.Rd1 c4 27.Rh3 e5 28.Qe2 Bxc3 29.bxc3 Rac8
30.hxg7 Qg6 31.Qg4 Qxg7 32.d5 Nf8 33.Rb1 Rc7 34.f4 exf4 35.Qxf4 Re7 36.Qf6 Rdd7
37.Rh5 Re5 38.Qxg7+ Kxg7 39.Bh3 Rd6 40.Bf5 b6 41.Kf2 Rdxd5 42.exd5 Rxf5+
43.Kg2 Rxd5 44.Rxb6 Ne6 45.Rb5 Rd3 46.Rh4 Rxc3 47.Rxa5 Rc2+ 48.Kf3 Rc3+ 49.Ke2 Rc2+
50.Kd1 Rg2 51.Rxc4 Nxg5 52.Rc2 Rg1+ 53.Ke2 h5 54.Rc4 f6 55.Rf4 Rg2+ 56.Rf2 Rg4
57.Ra6 Ne4 58.Rf3 Nc5 59.Ra7+ Kg6 60.a5 h4 61.Ra3 Ne6 62.Ra8 Kg7 63.a6 h3
64.Rxh3 Ra4 65.Rc3 f5 66.a7 Nd4+ 67.Kd3 Nb5 68.Rb3 Nxa7 69.Rb7+ Kf6 70.Raxa7 Rh4
71.Rh7 Rb4 72.Ra6+ Kg5 73.Rg7+ Kf4 74.Ra5 Rb3+ 75.Kc2 Rf3 76.Rg2 Rf1 77.Ra3 Ke4
78.Re2+ Kf4 79.Kd2 Kg5 80.Rg2+ Kf6 81.Ke2 Rb1 82.Kf2 Rb5 83.Kf3 Rc5 84.Rh2 Kg5
85.Rg2+ Kf6 86.Ra6+ Ke5 87.Re2+ Kd5 88.Kf4 Rc1 89.Re5+  1-0

[Event "FSGMB December"]
[Site "Budapest HUN"]
[Date "2005.12.05"]
[Round "3"]
[White "Porat,I"]
[Black "Schroll,G"]
[Result "1/2-1/2"]
[WhiteElo "2328"]
[BlackElo "2362"]

1.d4 Nf6 2.c4 e6 3.g3 d5 4.Bg2 Be7 5.Nf3 O-O 6.O-O dxc4 7.Qc2 a6 8.a4 Bd7
9.Qxc4 Bc6 10.Bf4 a5 11.Nc3 Na6 12.Rfe1 Bd5 13.Nxd5 exd5 14.Qb3 Nb4 15.Rac1 Bd6
16.Bg5 h6 17.Bxf6 Qxf6 18.Rc3 Rfe8 19.Qd1 c6 20.Qb1 Rad8 21.e3 Rd7 22.Rcc1 Rde7
23.Nd2 g6 24.Nb3 Bc7 25.Rc3 Bb6 26.Qd1 h5 27.Qf3 Qxf3 28.Bxf3 Kg7 29.h4 f5
30.Rd1 Kh6 31.Kg2 Bc7 32.Rc5 Bb6 33.Rc3 Bc7 34.Nc1 Bd6 35.Ne2 Na2 36.Rc2 Nb4
37.Rcc1 Na2 38.Rb1 Nb4 39.Nf4 Rh7 40.Be2 Rhe7 41.Rg1 Na2 42.Bd3 Nb4 43.Rbd1 Bc7
44.Bb1 Bd6 45.Nd3  1/2-1/2

[Event "ch-ROM"]
[Site "Baile Tusnad ROM"]
[Date "2005.12.06"]
[Round "11"]
[White "Ionescu,M"]
[Black "Anton,T"]
[Result "1-0"]
[WhiteElo "2389"]
[BlackElo "2120"]

1.Nf3 d5 2.d4 Nf6 3.c4 e6 4.g3 Be7 5.Bg2 O-O 6.O-O c5 7.cxd5 exd5 8.Nc3 Nc6
9.Bf4 cxd4 10.Nxd4 Be6 11.Nxe6 fxe6 12.e4 d4 13.e5 dxc3 14.exf6 Bxf6 15.bxc3 Qxd1
16.Rfxd1 Rad8 17.Rab1 Rxd1+ 18.Rxd1 Bxc3 19.Be3 Rc8 20.Rd7 b5 21.Bh3 Re8
22.Rc7 Nd4 23.Rxa7 Nf5 24.Bf4 g6 25.Bf1 b4 26.Bc4 Kh8 27.g4 Ng7 28.Be3 Kg8
29.Rd7 Bf6 30.Bh6 Bc3 31.h3 Bf6 32.Kf1 Kf8 33.Ke2 Re7 34.Rxe7 Kxe7 35.Bd2 Bc3
36.Bxc3 bxc3 37.Kd3 h5 38.Kxc3 hxg4 39.hxg4 g5 40.a4 Kd6 41.a5 e5 42.Bf7  1-0

[Event "FSGMB December"]
[Site "Budapest HUN"]
[Date "2005.12.07"]
[Round "5"]
[White "Porat,I"]
[Black "Nemeth,Mi1"]
[Result "0-1"]
[WhiteElo "2328"]
[BlackElo "2378"]

1.d4 Nf6 2.c4 e6 3.g3 d5 4.Nf3 Be7 5.Bg2 O-O 6.Qc2 a6 7.Nbd2 Nbd7 8.O-O c5
9.Rd1 b6 10.e4 Bb7 11.e5 Ne8 12.cxd5 Bxd5 13.dxc5 Rc8 14.Nf1 Rxc5 15.Qe2 Qc8
16.Bf4 f6 17.exf6 Nexf6 18.Bh3 Ne4 19.Ne3 g5 20.Nxd5 exd5 21.Be6+ Kh8 22.Ne5 gxf4
23.Nxd7 fxg3 24.Nxf8 gxh2+ 25.Kg2 Qxf8 26.Rxd5 Qg7+ 27.Kh1 Rc4 28.Rad1 Qf6
29.Bf5 Qh4 30.Bxe4 Rxe4 31.Qc2 Rg4 32.Qc8+ Kg7 33.Qc3+ Kg8 34.Qc8+ Kg7 35.Qc3+ Kg8
36.Qf3 Rg6 37.R5d3 Kg7 38.Re1 Bd6 39.Qb7+ Kh6 40.Qf3 Kg7 41.a3 h5 42.Qb7+ Kh6
43.Qf3 Kg7 44.Red1 Qg5 45.Qb7+ Kh6 46.Rg3 Bxg3 47.Qc8 Be5 48.Qf8+ Bg7  0-1

[Event "12th Open"]
[Site "Zadar CRO"]
[Date "2005.12.13"]
[Round "3"]
[White "Tratar,M"]
[Black "Zelcic,R"]
[Result "1-0"]
[WhiteElo "2440"]
[BlackElo "2533"]

1.Nf3 Nf6 2.d4 e6 3.g3 d5 4.Bg2 Be7 5.c4 O-O 6.Qc2 c5 7.O-O cxd4 8.Nxd4 e5
9.Nf5 d4 10.Nxe7+ Qxe7 11.Bg5 h6 12.Bxf6 Qxf6 13.Nd2 Nc6 14.a3 a5 15.b3 Bf5
16.Be4 Bxe4 17.Nxe4 Qg6 18.c5 Kh8 19.Rac1 f5 20.Nd6 e4 21.f4 Rad8 22.Qc4 b6
23.b4 axb4 24.axb4 d3 25.exd3 Nxb4 26.dxe4 bxc5 27.e5 Ra8 28.Ra1 Rab8 29.Ra5 Qh5
30.Rxc5 Ra8 31.e6 Ra2 32.Qxa2 Nxa2 33.e7 Rg8 34.Re1 Qg6 35.Rc8 Qxd6 36.Rxg8+ Kxg8
37.e8=Q+ Kh7 38.Re6  1-0

[Event "12th Women"]
[Site "Zadar CRO"]
[Date "2005.12.13"]
[Round "3"]
[White "Sargac,R"]
[Black "Solic,K"]
[Result "0-1"]
[WhiteElo "2243"]
[BlackElo "2162"]

1.d4 Nf6 2.c4 e6 3.g3 d5 4.Bg2 Be7 5.Nf3 O-O 6.Qc2 dxc4 7.Nbd2 a6 8.Nxc4 Bd7
9.Nfe5 Bc6 10.Nxc6 Nxc6 11.e3 Nd5 12.O-O Bf6 13.Rd1 Qd7 14.a3 Rfd8 15.Bd2 Qe8
16.Qe4 Nb6 17.Ne5 Bxe5 18.dxe5 Qe7 19.Qc2 Nd5 20.Be4 h6 21.f4 Rd7 22.Rac1 Qd8
23.Bf3 Qb8 24.Qe4 Qa7 25.Kf2 Rad8 26.f5 exf5 27.Qxf5 Nde7 28.Qc2 Nxe5 29.Bc3 Nd3+
30.Rxd3 Rxd3 31.Re1 Nf5 32.Qc1 Qc5 33.Be4 R3d7 34.Bb4 Qxc1 35.Rxc1 Nd6 36.Bf3 b6
37.Bc6 Re7 38.Kf3 a5 39.Bc3 Nf5 40.Be4 Nd6 41.Bc6 Nc8 42.e4 Na7 43.Bd5 c6
44.Bc4 Nb5 45.Be1 Nd4+ 46.Kf4 Rde8 47.Bd3 Rxe4+ 48.Bxe4 Ne2+ 49.Kf3 Nxc1
50.h4 f5  0-1

[Event "5th Amplico AIG Life"]
[Site "Warsaw POL"]
[Date "2005.12.17"]
[Round "5"]
[White "Adamski,J"]
[Black "Azarov,S"]
[Result "0-1"]
[WhiteElo "2345"]
[BlackElo "2599"]

1.Nf3 Nf6 2.c4 e6 3.g3 d5 4.Bg2 Be7 5.d4 O-O 6.Qc2 Nbd7 7.O-O c6 8.b3 b6
9.Rd1 Ba6 10.Nbd2 Rc8 11.e4 c5 12.exd5 exd5 13.Bb2 cxd4 14.Nxd4 b5 15.Qf5 bxc4
16.bxc4 g6 17.Qg5 dxc4 18.Nc6 Rxc6 19.Bxc6 Qb6 20.Bxd7 Qxb2 21.Qa5 Qa3 22.Ba4 Bb7
23.Qc7 Bd5 24.Nxc4 Qf3 25.Rxd5 Nxd5 26.Qc6 Qf5 27.Re1 Nb4 28.Qe4 Qxe4 29.Rxe4 Bc5
30.Bb3 Nd3 31.Ne5 Bxf2+ 32.Kg2 Nxe5 33.Rxe5 Bb6 34.g4 Kg7 35.g5 h6 36.h4 hxg5
37.hxg5 Rd8 38.Re7 Rd2+ 39.Kg3 Rf2 40.Rd7 Rf5 41.Rd5 Bc7+ 42.Kg2 Rxd5 43.Bxd5 Bf4
44.Kf3 Bxg5 45.Ke4 Bd8 46.Bc6 Bc7 47.Be8 f5+ 48.Kd5 Kf6 49.Kd4 g5 50.Bd7 g4
51.Kd5 Kg5 52.Kd4 f4 53.Ke4 f3 54.Bc8 Kh4 55.Kf5  0-1

[Event "5th Amplico AIG Life"]
[Site "Warsaw POL"]
[Date "2005.12.17"]
[Round "5"]
[White "Lada,M"]
[Black "Hunt,H"]
[Result "0-1"]
[WhiteElo "2220"]
[BlackElo "2422"]

1.d4 Nf6 2.c4 e6 3.g3 d5 4.Bg2 Be7 5.Nf3 O-O 6.O-O dxc4 7.Qc2 a6 8.Qxc4 b5
9.Qc2 Bb7 10.Bg5 Nbd7 11.Nbd2 Rc8 12.Bxf6 Nxf6 13.Nb3 Be4 14.Qc1 h6 15.Rd1 Qe8
16.Nc5 Bxc5 17.Qxc5 Bd5 18.Ne5 Ne4 19.Bxe4 Bxe4 20.f3 Ba8 21.Rac1 f6 22.Nc6 Rf7
23.Kf2 Rd7 24.e4 Kh7 25.h4 Qf7 26.d5 exd5 27.Rxd5 Rxd5 28.Qxd5 Qxd5 29.exd5 Re8
30.h5 Kg8 31.g4 Kf8 32.b4 Bb7 33.a3 Ba8 34.Rc5 Kg8 35.Rc1 Kf7 36.Rc5 f5 37.Nd4 fxg4
38.fxg4 Kf6 39.Nf5 Re4 40.Ne3 Re7 41.Ke2 Rd7 42.Kf2 Ke5 43.Kg3 Ke4 44.Kf2 Rf7+
45.Ke2 Rf3 46.Nf1 Rxa3 47.Rxc7 Bxd5 48.Nd2+ Kf4 49.Rxg7 Be6 50.g5 hxg5 51.h6 Bg4+
52.Ke1 Ra1+ 53.Kf2 Rh1 54.Rf7+ Bf5 55.Nf3 Rxh6 56.Nd4 Rh2+ 57.Kg1 Rb2 58.Nxf5 Rxb4
59.Nd6+ Kg4 60.Rc7 Rb2 61.Rc5 b4 62.Nf7 b3 63.Rxg5+ Kf4 64.Rg6 Ra2 65.Rf6+ Ke4
66.Re6+ Kd5 67.Re5+ Kd4 68.Re1 b2 69.Rd1+ Kc3 70.Nd6 Ra1  0-1

[Event "Masters"]
[Site "Berkeley USA"]
[Date "2005.12.20"]
[Round "6"]
[White "Ehlvest,J"]
[Black "Kraai,J"]
[Result "1-0"]
[WhiteElo "2618"]
[BlackElo "2428"]

1.d4 e6 2.Nf3 d5 3.g3 Nf6 4.Bg2 Be7 5.c4 O-O 6.O-O dxc4 7.Ne5 Nc6 8.Bxc6 bxc6
9.Nxc6 Qd6 10.Nxe7+ Qxe7 11.Qa4 c5 12.Qa3 Bb7 13.Bg5 Rfc8 14.Nc3 Qd7 15.Bxf6 cxd4
16.Bxd4 Qxd4 17.Rad1 Qb6 18.Rd6 Bc6 19.Rfd1 a5 20.R6d4 Qb4 21.Nb1 Bd5 22.Qc3 Rab8
23.R1d2 h6 24.Qe3 Ba8 25.Nc3 Qb7 26.f3 Qb4 27.Kg2 Qb6 28.Qe5 Rd8 29.Na4  1-0

[Event "8th Open ch-Bajmok"]
[Site "Bajmok SCG"]
[Date "2006.01.03"]
[Round "7"]
[White "Szabados,K"]
[Black "Guzsvany,A"]
[Result "1/2-1/2"]
[WhiteElo "2065"]
[BlackElo "2002"]

1.d4 Nf6 2.g3 d5 3.Bg2 e6 4.c4 Be7 5.Nf3 O-O 6.O-O dxc4 7.Qc2 a6 8.Qxc4 b5
9.Qc2 Bb7 10.Bg5 Be4 11.Qc1 Nbd7 12.Nc3 Bb7 13.Rd1 h6  1/2-1/2

[Event "Masters"]
[Site "Hastings ENG"]
[Date "2006.01.03"]
[Round "7"]
[White "Norregaard,Cl"]
[Black "Poobalasingam,P"]
[Result "1/2-1/2"]
[WhiteElo "2205"]
[BlackElo "2060"]

1.d4 e6 2.c4 Nf6 3.g3 Be7 4.Bg2 d5 5.Nf3 O-O 6.O-O dxc4 7.Ne5 Nfd7 8.Nxc4 Nb6
9.Nxb6 axb6 10.Nc3 c5 11.Be3 Nc6 12.Bxc6 bxc6 13.dxc5 bxc5 14.Qc2 Ra5 15.Rfd1 Qb6
16.Ne4 e5 17.Nd6 Be6 18.Nc4 Bxc4 19.Qxc4 Qxb2 20.Rdb1 Qa3 21.Rb3 Qa4 22.Qxa4 Rxa4
23.Rb7 Re8 24.Rd1 f5 25.Rdd7 Bf8 26.Bxc5 Bxc5 27.Rxg7+ Kh8 28.Rxh7+ Kg8 29.Rhg7+  1/2-1/2

[Event "XXXV Rilton Cup"]
[Site "Stockholm SWE"]
[Date "2006.01.04"]
[Round "8"]
[White "Postny,E"]
[Black "Berczes,D"]
[Result "1-0"]
[WhiteElo "2571"]
[BlackElo "2475"]

1.Nf3 Nf6 2.c4 e6 3.g3 d5 4.Bg2 Be7 5.d4 O-O 6.Qc2 c6 7.O-O Nbd7 8.Rd1 b6
9.b3 Bb7 10.Nc3 Rc8 11.e4 c5 12.exd5 exd5 13.Bb2 Re8 14.Ng5 h6 15.Nh3 Qc7
16.cxd5 cxd4 17.Rxd4 Bc5 18.Rdd1 Ba6 19.Rac1 Qd6 20.Qb1 b5 21.a4 b4 22.Nb5 Bxb5
23.axb5 Qb6 24.Qf5 Qxb5 25.Nf4 Qb6 26.Nd3 Bd4 27.Rc6 Rxc6 28.dxc6 Nf8 29.Bxd4 Qxd4
30.Qc5 Ne6 31.Qxd4 Nxd4 32.Nxb4 Nb5 33.Na6 Rc8 34.c7 Nxc7 35.Rc1 Nfe8 36.Bh3  1-0

[Event "14th Bieze"]
[Site "Arnhem NED"]
[Date "2006.01.07"]
[Round "6"]
[White "Kabatianski,A"]
[Black "Dambacher,M"]
[Result "1/2-1/2"]
[WhiteElo "2436"]
[BlackElo "2401"]

1.c4 Nf6 2.g3 e6 3.Bg2 d5 4.d4 Be7 5.Nf3 O-O 6.Nbd2 Nbd7 7.O-O c6 8.Qc2 b5
9.c5 Qc7 10.e4 dxe4 11.Nxe4 Nxe4 12.Qxe4 Nf6 13.Qc2 Nd5 14.Bg5 f6 15.Bd2 Bd7
16.Rfe1 Rae8 17.Re2 a5 18.Rae1 Qa7 19.Bh3 Bd8 20.Bxe6+ Bxe6 21.Rxe6 Rxe6
22.Rxe6 Qd7 23.Re1 Re8 24.Qd3 Rxe1+ 25.Nxe1 a4 26.Nc2 Qe6 27.f3 g6 28.Qe4  1/2-1/2

[Event "TCh-AUT 2005-6"]
[Site "Austria AUT"]
[Date "2006.01.12"]
[Round "4"]
[White "Buhmann,R"]
[Black "Dobosz,H"]
[Result "1/2-1/2"]
[WhiteElo "2546"]
[BlackElo "2433"]

1.Nf3 Nf6 2.c4 e6 3.g3 d5 4.d4 Be7 5.Bg2 O-O 6.O-O c6 7.Nc3 Nbd7 8.b3 b6
9.Bb2 Bb7 10.Re1 Rc8 11.e4 Nxe4 12.Nxe4 dxe4 13.Rxe4 c5 14.Re3 Bf6 15.Rb1 Bxf3
16.Bxf3 cxd4 17.Bxd4 Qc7 18.Rb2 Rfd8 19.Bxf6 Nxf6 20.Rd2 Rxd2 21.Qxd2 Rd8
22.Qc3 h6 23.a3 a5 24.Qe5 Qc5 25.Qxc5 bxc5 26.Kf1 Kf8 27.Ke2 Ke7 28.h3 Rd4
29.Rd3 Rxd3 30.Kxd3 Kd6 31.Kc3 Nd7 32.Be2 f5 33.f4 Nf6 34.Bf3 Nd7 35.b4 axb4+
36.axb4 e5 37.fxe5+ Nxe5 38.Bg2 g5 39.Bd5 Nd7 40.bxc5+ Kxc5 41.Be6 Ne5 42.Bxf5 Nxc4
43.Kd3 Kd5  1/2-1/2

[Event "TCh-AUT 2005-6"]
[Site "Austria AUT"]
[Date "2006.01.14"]
[Round "6"]
[White "Lazarev,V"]
[Black "Baramidze,D"]
[Result "1/2-1/2"]
[WhiteElo "2503"]
[BlackElo "2554"]

1.d4 d5 2.c4 e6 3.Nf3 Nf6 4.g3 Be7 5.Bg2 O-O 6.O-O dxc4 7.Qc2 a6 8.a4 Bd7
9.Ne5 Bc6 10.Nxc6 Nxc6 11.e3 Na5 12.Nd2 c5 13.dxc5 Rc8 14.b4 cxb3 15.Nxb3 Nxb3
16.Qxb3 Nd7 17.Ba3  1/2-1/2

[Event "Corus C"]
[Site "Wijk aan Zee NED"]
[Date "2006.01.15"]
[Round "2"]
[White "Atalik,E"]
[Black "Werle,J"]
[Result "0-1"]
[WhiteElo "2399"]
[BlackElo "2514"]

1.d4 Nf6 2.c4 e6 3.g3 d5 4.Bg2 Be7 5.Nf3 O-O 6.O-O dxc4 7.Qc2 a6 8.Qxc4 b5
9.Qc2 Bb7 10.Bd2 Nbd7 11.Ba5 Rc8 12.Nbd2 Qe8 13.b4 Bd6 14.Rac1 e5 15.dxe5 Nxe5
16.Bh3 Nc6 17.Bxc8 Qxc8 18.e4 Qh3 19.Rfe1 Ng4 20.Nf1 f5 21.Qb3+ Kh8 22.Ng5 Qh5
23.Ne6 Nxa5 24.bxa5 Rf6 25.f4 fxe4 26.Ng5 e3 27.Qc2 Nf2 28.Rxe3 Qxg5 29.Kxf2 Qd5
30.a3 Rf8 31.Ke1 b4 32.Rd1 Qxa5 33.axb4 Bxb4+ 34.Ke2 Qh5+ 35.Kf2 Bc5 36.Rd3 Be4  0-1